| 000 | 00595nam a2200205 a 4500 | ||
|---|---|---|---|
| 005 | 20140310183412.0 | ||
| 008 | 070910s19uu xx 00 eng d | ||
| 020 | _a9780071262507 | ||
| 050 |
_aQD 31.3 _b.Si55 2010 |
||
| 100 | _aSilberberg, Martin S. | ||
| 245 |
_aPrinciples of general chemistry / _cMartin S. Silberberg. |
||
| 260 |
_aU.S.A : _bMcGraw-Hill, Inc, _c2007. |
||
| 300 |
_a792 p. : _bcol. ill. ; _c27 cm. |
||
| 500 | _aIncludes bibliographical reference and index. | ||
| 650 | _aChemistry. | ||
| 942 |
_cBK _2lcc |
||
| 999 |
_c22516 _d22516 |
||